000 00296nam a22001217a 4500
082 _a537.01 PUG'P
100 _aPUGH, E. M,PUGH, E. W
_978675
245 _aPRINCIPLES OF ELECTRICITY AND MANAGEMENT
250 _a2ND ED
260 _aLONDON
_bADDISON WESLEY
_c1970
300 _a498P
942 _cBK
999 _c583779
_d583779